Estrategia contra la guerra

Saved in:
Bibliographic Details
Main Author: Hamon, Leo (Author)
Format: Book
Language:Spanish
Published: Madrid Guadarrama 1969
Series:Colección Universitaria de Bolsillo, 85
Subjects:
Tags: Add Tag
No Tags, Be the first to tag this record!

MARC

LEADER 00000nam a2200000 a 4500
001 UCG5103
003 CL-VaPUC
008 110106e19690000SP |||||||||||||||||spa|d
082 0 4 |a 320  |b HAM  |2 21 
100 0 |a Hamon, Leo  |e author  |9 554663 
245 1 0 |a Estrategia contra la guerra 
300 |a 276 p 
942 |c BK 
945 |d 20110106 00:00:00  |a dcastane 
260 |a Madrid  |b Guadarrama  |c 1969 
650 0 |a Ciencias Políticas  |9 255201 
650 7 |a CONTROL GUBERNAMENTAL  |2 CL-VaPUC  |9 352636 
650 0 |a Política internacional  |9 255813 
650 7 |a ESTRATEGIA POLITICA  |2 CL-VaPUC  |9 393246 
650 0 |a Gobierno   |9 255508 
650 0 |a Guerra nuclear   |9 318894 
583 |a last modification  |c 20110106 00:00:00  |k Rodrigo Vera 
490 0 |a Colección Universitaria de Bolsillo, 85 
999 |c 343673  |d 343671 
952 |0 0  |1 0  |4 0  |6 320_000000000000000_HAM_1969  |7 0  |8 A  |9 441184  |a BIBHIS  |b BIBHIS  |d 2019-11-22  |i 4746287  |o 320 HAM 1969  |p 4746287  |r 2025-01-20  |w 2019-11-22  |y BK  |k HIS